000 00752cab a2200253 4500
001 ABS56706
008 090401t1997 xxu||||| |||| 00| 0 eng d
035 _a(Sirsi) u77531
041 _aeng
100 _aHunt, J.
245 4 _aThe magic loot
260 _c1997
350 _a0
490 _aProperty Week
_v58(10)14 March 1997, 24-26(3)
520 _aConsiders whether lottery funding for the arts is opening up a new market for the property industry. Looks at surveying firms already involved in arts projects.
650 _aARTS PROJECTS
650 _aENO
650 _aLEISURE MARKET
650 _aLOTTERY FUNDING
650 _aPROPERTY INDUSTRY
690 _aPROPERTY-PROPERTY DEVELOPMENT
942 _n0
948 _c03/04/1997
999 _c48750
_d48750